期刊信息 |
| 索取号 |
O13:Z89/MRAI
|
| 题名 |
Mathematical Views Annual Index
|
| 作者 |
Jonathan L.Alperin
|
| 分册号 |
|
| 分册名 |
|
| 出版地 |
RHODE ISLAND
|
| 出版者 |
American Mathematical Society
|
| 标准刊号 |
0025-5629
|
| 出版频率 |
月刊
|
| 中图法分类 |
O13:Z89
|
| 主题词 |
高等数学
|
| 电子资源 | |
| |
|
| 000 | 00484nas0 2200181 45 | |
| 001 | 0734462547 | |
| 005 | 20131118104015.49 | |
| 011 | @a0025-5629 | |
| 100 | @a20070415d km y0chiy0120 ea | |
| 101 | 0 | @aeng |
| 200 | 1 | @aMathematical Views Annual Index@fJonathan L.Alperin |
| 210 | @aRHODE ISLAND@cAmerican Mathematical Society | |
| 326 | @a月刊 | |
| 606 | 0 | @a高等数学 |
| 690 | @aO13:Z89@v4 | |
| 701 | 0 | @aJonathan L.Alperin |
| 801 | 0 | @aCN@bPFT@c20070415 |
| 905 | @aTJWY@dO13:Z89@eMRAI | |
| Mathematical Views Annual Index/Jonathan L.Alperin.-RHODE ISLAND:American Mathematical Society |
| ISSN 0025-5629 |
| ● |
| 相关链接: |
|
|
|
|